000 00811cam a2200253 a 4500
001 15962570
005 20180125043726.0
008 091027s2011 nyua b 001 0 eng
010 _a 2009045063
020 _a9780073376592 (pbk. : alk. paper)
020 _a0073376590
035 _a(OCoLC)ocn436028099
040 _aDLC
_cDLC
_dYDX
_dDLC
041 _aeng
080 _a612.044 WIL
082 0 0 _a612.044 WIL
_222
100 1 _a6
101 _aANA
245 1 0 _aExercise physiology :
_cWilliam C. Beam, Gene M. Adams.
504 _aIncludes bibliographical references and index.
906 _a7
_bcbc
_corignew
_d1
_eecip
_f20
_gy-gencatlg
942 _2ddc
_cBK
999 _c40917
_d40917